|
|
|
|
| LEADER |
00000nab a2200000 a 4500 |
| 001 |
vtls000458553 |
| 003 |
SK-MaSNL |
| 005 |
20260304082855.0 |
| 008 |
250424c1992 xo 0 slo |
| 015 |
|
|
|a SNBRB19rr/mm-uuuuu
|
| 035 |
|
|
|a CL0458684
|
| 035 |
|
|
|a urn:nbn:sk:snk-abauc
|
| 035 |
|
|
|a (urnnbn)urn:nbn:sk:snk:ar-a03exb
|
| 035 |
|
|
|a (uuid)4de6f724-03fe-4254-896c-15bb780065fb
|
| 040 |
|
|
|a SNKBUCL
|b slo
|c SNKBUCL
|e AACR2
|
| 041 |
0 |
|
|a cze
|
| 044 |
|
|
|a xo
|c SK
|
| 080 |
|
|
|a 616-091.8
|2 1981
|
| 080 |
|
|
|a 612.015
|2 1981
|
| 080 |
|
|
|a 615.31
|2 1981
|
| 100 |
1 |
|
|a Šlosarčíková, Lenka
|4 aut
|9 1372679
|
| 245 |
1 |
0 |
|a Multi drug resistance (MDR) a P-glykoprotein (P-gly)
|c Lenka Šlosarčíková, Albert Breier
|
| 300 |
|
|
|b Res. angl., lit. 25 zázn. v slov., angl.
|
| 650 |
0 |
7 |
|a chemoterapeutiká
|2 snkbucl
|9 19250
|
| 650 |
0 |
7 |
|a bunky nádorové
|2 snkbucl
|9 1251687
|
| 650 |
0 |
7 |
|a P-glykoproteín
|2 snkbucl
|9 1372680
|
| 655 |
|
7 |
|a články z novín a časopisov
|2 snkbucl
|9 267496
|
| 700 |
1 |
|
|a Breier, Albert,
|d 1957-
|4 aut
|9 39898
|
| 773 |
0 |
|
|t Bratislavské lekárske listy
|g Roč. 93, č. 3 (1992), s. 146-148
|
| 850 |
|
|
|a Slovenská národná knižnica
|
| 852 |
|
|
|a Slovenská národná knižnica
|
| 954 |
|
|
|a odborná, vedecká literatúra cudzojazyčná (svetová)
|2 lita
|
| 958 |
|
|
|a article27
|
| 958 |
|
|
|a NB
|
| 958 |
|
|
|a RK
|
| 958 |
|
|
|a MI
|
| 958 |
|
|
|a OND
|
| 958 |
|
|
|a EUIPO
|
| 992 |
|
|
|a RBX
|
| 999 |
|
|
|c 2798549
|d 2800479
|